000 00393 a2200133 4500
005 20250508154508.0
020 _a-0-8224-0977-1
082 _a658. 4 ODI
100 _aODIORNE, G. S.
245 _aMBO II: A System of Managerial Leadership for the 80s
260 _aCalifornia,
_bFearon Pitman Publishers,
_c1979.
300 _aviii, 360p.: ill.; figure, table.
_bIndex.
_c25cm.
942 _2ddc
_cBKS
999 _c2211
_d2211